000 02236cad a22003615a 4500
001 L159561
008 151111s2017 xxk f 001 0 eng d
020 _a9781783212026
035 _a(Sirsi) u159561
041 0 _aeng
050 0 4 _a333.33 $2 18
110 2 _aRoyal Institution of Chartered Surveyors
_94900
240 _aBlue Book
245 0 0 _aUK residential real estate agency
250 _a6th ed.
260 _aLondon,
_bRICS,
_c2017
490 0 _aRICS Professional Statement
490 0 _aRICS Blue Book
490 0 _aRICS Guidance Note
505 2 _aAcknowledgments -- RICS professional standards and guidance -- Real Estate Agency Code -- Real estate agency and brokerage and real estate management: RICS professional statement -- Standards and ethics -- Before securing instructions -- Acting for the seller or landlord: marketing the property -- Acting for the seller: implementing the sale or lease -- Acting for the buyer -- Acting for the landlord: letting the property -- Ending the instruction -- Appendinx A: Glossary.
520 _aEffective from 11/09/2017, supersedes 5th edition.
520 _aWith the increased focus on the need for ethical practice and transparency in the residential property market this RICS professional statement sets out clearly the responsibilities of residential property agents to ensure they are working to the highest ethical and professional standards. Part 1 of this document outlines the principles that shape the culture of fairness and transparency that underpin all activities undertaken by real estate agents within whichever country of practice. Part 2 of this document develops these principles for the UK market.
521 _aAdvanced
590 _aKA NTK
650 2 4 _aPROPERTY PROFESSIONALS
650 2 4 _aRESIDENTIAL ESTATE AGENCY
650 2 4 _aReal Estate Agency Code
651 4 _aUnited Kingdom
690 _aPROPERTY-RESIDENTIAL PROPERTY-ACQUISITION AND DISPOSAL OF RESIDENTIAL PROPERTY
690 _aResidential property
_96266
856 4 1 _uhttps://www.rics.org/uk/upholding-professional-standards/sector-standards/real-estate/uk-residential-real-estate-agency/
_zView the Blue Book free of charge at www.rics.org
942 _n0
_2ddc
999 _c116001
_d116001